Mercado laboral (Registro nro. 23178)

Detalles MARC
000 -LEADER
fixed length control field 00393 a2200133 4500
001 - CONTROL NUMBER
control field ART_10632
005 - DATE AND TIME OF LATEST TRANSACTION
control field 20260410161830.0
008 - FIXED-LENGTH DATA ELEMENTS--GENERAL INFORMATION
fixed length control field 260409a
100 1# - MAIN ENTRY--PERSONAL NAME
Personal name Arrufat, José Luis
245 10 - TITLE STATEMENT
Title Mercado laboral
700 1# - ADDED ENTRY--PERSONAL NAME
Personal name Diaz Cafferata, Alberto M.
700 1# - ADDED ENTRY--PERSONAL NAME
Personal name Figueras, Alberto José
773 0# - HOST ITEM ENTRY
Title Actualidad Económica
Related parts - Año IX, Nº 46 (jul./dic. 1999)
Record control number REV5083

No hay ítems disponibles.